|
|
|
|
| LEADER |
00000ntmaa2200000 a 4500 |
| 001 |
vtls011727596 |
| 003 |
SK-MaSNL |
| 005 |
20260301183329.0 |
| 008 |
230802q1800 xx || 000 1 lat |
| 035 |
|
|
|a urn:nbn:sk:snk-tm00eln6
|
| 035 |
|
|
|a urn:nbn:sk:snk-tm3n3ni
|
| 035 |
|
|
|a 269548D8-7559-4733-A86D-7F4B4CC84CF9
|
| 040 |
|
|
|a SNKLA
|b slo
|c SNKLA
|e AACR2
|
| 041 |
0 |
|
|a lat
|
| 044 |
|
|
|a xx
|
| 072 |
|
7 |
|a 27-78
|x Kresťanské združenia, spolky a organizácie. Rehoľné rády
|2 konspekt
|
| 080 |
|
|
|a 27
|2 2011
|
| 080 |
|
|
|a (=511.141)
|2 2011
|
| 080 |
|
|
|a 025.171
|2 2011
|
| 080 |
|
|
|a 27-9
|2 2011
|
| 080 |
|
|
|a (=221.16)
|2 2011
|
| 080 |
|
|
|a (=1:369.1)
|2 2011
|
| 245 |
0 |
0 |
|a Incrementa Religionis Christi apud Hungaros
|
| 246 |
3 |
8 |
|a Conversi Hungari
|
| 260 |
|
|
|a [Miesto vzniku nie je známe]
|c [medzi 1800 a 1820?]
|
| 300 |
|
|
|a 150 strán
|b rukopis, viazaný
|c 24 cm
|
| 500 |
|
|
|a Na prednom prídoští tlačený štítok knižnice: Biblioth. Coll. Poson. S. J. Hist. eccles. 7.
|
| 520 |
2 |
|
|a Vzmáhanie sa kresťanstva u Uhrov - od Andronika, u Skýtov a Hunov; chronologicky
|
| 555 |
0 |
|
|a Inventár rukopisov Archívu literatúry a umenia Matice slovenskej. Rukopisy historických knižníc na Slovensku II. Martin: Matica slovenská 1995
|
| 600 |
0 |
7 |
|a Andronik,
|c svätý
|2 SNKMA
|9 558457
|
| 610 |
2 |
7 |
|a Jezuiti (Bratislava, Slovensko)
|2 SNKLA
|9 170782
|
| 650 |
0 |
7 |
|a kresťanstvo
|2 SNKPH
|9 2024
|
| 650 |
0 |
7 |
|a Uhri
|2 SNKPH
|9 125635
|
| 650 |
0 |
7 |
|a cirkevné dejiny
|2 SNKPH
|9 3909
|
| 650 |
0 |
7 |
|a Skýti
|2 SNKP
|9 93573
|
| 650 |
0 |
7 |
|a Huni
|2 SNKPH
|9 236504
|
| 655 |
|
7 |
|a rukopisy
|2 SNKPH
|9 70548
|
| 852 |
|
|
|a Slovenská národná knižnica
|b Literárny archív
|
| 958 |
|
|
|a ZH
|
| 958 |
|
|
|a LAVD
|
| 999 |
|
|
|c 856604
|d 858534
|
| 952 |
|
|
|a SNKLA
|b SNKLA
|c SNKLA_DEP
|y NEVYP
|7 0
|p 17A1227738
|o snkRHKS 1274
|0 0
|1 0
|4 0
|d 2017-12-15
|f 1
|l 0
|r 2026-02-24 04:59:35
|w 2026-02-24
|